| 000 | 00462nam a2200133Ia 4500 | ||
|---|---|---|---|
| 003 | GCL | ||
| 008 | 140319s9999 xx 000 0 ara d | ||
| 040 |
_aGCL / _cGCL |
||
| 082 | 0 | 4 |
_a346.07 _bع م |
| 245 | 1 | 0 | _aموسوعة الشركات التجارية: شركات الاشخاص والاموال والاستثمار |
| 260 |
_a[S.N] : _bمنشاة المعارف الاسلامية ، _c1992 |
||
| 300 | _a4137 ص | ||
| 490 |
_aالكتب القانونية _v0 |
||
| 999 |
_c59154 _d59154 |
||